Tréningový proces vo vrcholovom futbale

Bibliographic Details
Main Author: Korček, František, 1930-2010 (Author)
Format: Article
Language:Slovak
PhysicalDescription:Obr.
Subjects:

MARC

LEADER 00000nab a2200000 ar4500
001 vtls009007964
003 SK-MaSNL
005 20260303065504.0
008 070720c1976 xo mr|||||||||000 b|slo
015 |a SNKBUCL2007/07  |2 snkbucl 
038 |a SNKBUCL 
040 |a SNKBUCL  |b slo  |c SNKBUCL  |e AACR2 
041 0 |a slo 
044 |a xo  |c SK 
080 |a 796.332.015  |2 2001 
100 1 |a Korček, František,  |d 1930-2010  |4 aut  |9 183246 
245 1 0 |a Tréningový proces vo vrcholovom futbale  |c František Korček 
300 |b Obr. 
650 0 7 |a futbal  |2 snkbucl  |9 3291 
773 0 |t Tréner  |g Roč. 20, č. 4 (1976), s. 151-154 
852 |a SNK  |b KIS3GCP 
999 |c 1751384  |d 1753314